000 01291nam a22002537a 4500
005 20160209020003.0
008 150320b2013 ck |||||r|||| 00| 0 spa d
040 _aCO-BoIAvH
_cCO-BoIAvH
041 _aspa
044 _ack
082 0 4 _a578.77
_bB14m
245 0 0 _aManual de métodos de ecosistemas marinos y costeros con miras a establecer impactos ambientales:
_bconvenio para fortalecimiento de los métodos de investigación marina para actividades costa afuera por parte del sector de hidrocarburos.
260 _aSanta Marta:
_bInvemar,
_bAgencia Nacional de Hidrocarburos ANH,
_c2013.
300 _a2132 p.
_bilustraciones, tablas, fotografías a color.
_c28 cm.
505 _a1. Fitoplancton 2. Zooplancton 3. Ictioplancton 4. Necton 5. Fondos blandos 6. Pradera de fanerógamas y fauna asociada 7. Arrecifes de coral 8. Litoral rocoso 9. Litoral arenoso 10. Manglares y fauna asociada a raices de manglar
650 4 _aBiología marina
650 4 _aOrganismos marinos
650 4 _aOcéanos
_xbiología
650 4 _aBiología de aguas saladas
650 4 _aEcosistemas marinos
_vmanuales
650 4 _aEcostistemas marinos
_ximpacto ambiental
700 1 _aBaez Polo, Alex Ricardo
_eeditor
942 _2ddc
_cLIBRO
_01
999 _c9098
_d9098